ბათუმის შოთა რუსთაველის სახელმწიფო უნივერსიტეტის ბიბლიოთეკა

Краткий справочник технолога-машиностроителя. (ბიბ.ჩანაწერი № 50885)

000 -LEADER
fixed length control field 00665nam a2200217Ia 4500
001 - CONTROL NUMBER
control field 17840
003 - CONTROL NUMBER IDENTIFIER
control field GE_BSU
008 - FIXED-LENGTH DATA ELEMENTS--GENERAL INFORMATION
fixed length control field 181216s||||||||xx |||||||||||||| ||und||
040 ## - CATALOGING SOURCE
Transcribing agency GE_BSU
080 ## - UNIVERSAL DECIMAL CLASSIFICATION NUMBER
Universal Decimal Classification number 621.01(035.3)
100 ## - MAIN ENTRY--PERSONAL NAME
Personal name Федотиков,А.П.
245 ## - TITLE STATEMENT
Title Краткий справочник технолога-машиностроителя.
245 ## - TITLE STATEMENT
Statement of responsibility, etc. Ред.М.В.Чанцев.
250 ## - EDITION STATEMENT
Edition statement Изд. 2-е, перер.
260 ## - PUBLICATION, DISTRIBUTION, ETC.
Place of publication, distribution, etc. М.
260 ## - PUBLICATION, DISTRIBUTION, ETC.
Name of publisher, distributor, etc. Оборонгиз.
260 ## - PUBLICATION, DISTRIBUTION, ETC.
Date of publication, distribution, etc. 1960.
300 ## - PHYSICAL DESCRIPTION
Extent 401 стр. 17 см.
653 ## - INDEX TERM--UNCONTROLLED
Uncontrolled term Краткий справочник технолога-машиностроителя.
942 ## - ADDED ENTRY ELEMENTS (KOHA)
Koha item type წიგნი
ეგზემპლარები
Withdrawn status Lost status Damaged status Not for loan Date acquired Barcode Date last seen Price effective from Koha item type
        2018-12-17 10262 2018-12-17 2018-12-17 წიგნი